| 000 | 00389nam a2200157Ia 4500 | ||
|---|---|---|---|
| 008 | 130318s9999 xx 000 0 und d | ||
| 020 | _a8173713146 | ||
| 082 | _a658.45 KNI/I | ||
| 100 | _aKnight, Sue | ||
| 245 | _aIntroducing NLP | ||
| 260 |
_bUniversities Press _aHyderabad _c2000 |
||
| 300 | _a69 | ||
| 440 | _aManagement Shapers | ||
| 650 | _aNATURAL LANGUAGE PROCESSING | ||
| 650 | _aNLP | ||
| 999 |
_c16 _d16 |
||